Normal view MARC view

Entry Personal Name

Number of records used in: 1

001 - CONTROL NUMBER

  • control field: 10310

003 - CONTROL NUMBER IDENTIFIER

  • control field: OSt

005 - DATE AND TIME OF LATEST TRANSACTION

  • control field: 20160719173512.0

008 - FIXED-LENGTH DATA ELEMENTS

  • fixed length control field: 160719|| aca||aabn | a|a d

040 ## - CATALOGING SOURCE

  • Original cataloging agency: OSt
  • Transcribing agency: OSt

100 ## - HEADING--PERSONAL NAME

  • Personal name: Rees,P.John;Pattison,James;William,Gwyn;

670 ## - SOURCE DATA FOUND

  • Source citation: Work cat.: (OSt): Rees,P.John;Pattison,James;William,Gwyn;, 100 cases in Clinical Medicine., 2000.